| 000 | 01304cam a22003973a 4500 | ||
|---|---|---|---|
| 001 | 31265 | ||
| 003 | PGUSA | ||
| 005 | 20140828083657.0 | ||
| 008 | 100213s2010||||xxu|||||s|||||000 1 eng d | ||
| 040 |
_aPGUSA _beng |
||
| 042 | _adc | ||
| 050 | 4 | _aPZ | |
| 100 | 1 |
_aOtis, James, _d1848-1912 |
|
| 245 | 1 | 0 |
_aAunt Hannah and Seth _h[electronic resource] / _cJames Otis |
| 260 |
_bProject Gutenberg, _c2010 |
||
| 506 | _aPublic domain in the USA. | ||
| 516 | _aElectronic text | ||
| 653 | _aHuman-animal relationships -- Juvenile fiction | ||
| 653 | _aFriendship -- Juvenile fiction | ||
| 653 | _aDogs -- Juvenile fiction | ||
| 653 | _aGirls -- Juvenile fiction | ||
| 653 | _aInheritance and succession -- Juvenile fiction | ||
| 653 | _aGardens -- Juvenile fiction | ||
| 653 | _aAdventure stories | ||
| 653 | _aCountry life -- Juvenile fiction | ||
| 653 | _aEmpathy -- Juvenile fiction | ||
| 653 | _aKindness -- Juvenile fiction | ||
| 653 | _aBoys -- Juvenile fiction | ||
| 653 | _aRunaway children -- Juvenile fiction | ||
| 653 | _aAunts -- Juvenile fiction | ||
| 653 | _aPeople with disabilities -- Juvenile fiction | ||
| 653 | _aAttitude change -- Juvenile fiction | ||
| 830 | 0 |
_aProject Gutenberg _v31265 |
|
| 856 | 4 | 0 | _uhttp://www.gutenberg.org/ebooks/31265 |
| 942 | _cEB | ||
| 999 |
_c260520 _d260520 |
||